Propuesta Constitución Política de la República de Chile.
Saved in:
| Format: | Unknown |
|---|---|
| Published: |
Santiago, Chile:
Galas Ediciones,
2022.
|
| Subjects: | |
| Tags: |
Add Tag
No Tags, Be the first to tag this record!
|
MARC
| LEADER | 00000 a2200000 4500 | ||
|---|---|---|---|
| 003 | CL-VaPUC | ||
| 005 | 20220825120340.0 | ||
| 008 | 220817t2022 ||||| |||| 00| 0 eng d | ||
| 999 | |c 438346 |d 438344 | ||
| 040 | |c Pontificia Universidad Católica de Valparaíso | ||
| 082 | 7 | |a 342.83 PRO 2022 |2 22 | |
| 245 | |a Propuesta Constitución Política de la República de Chile. | ||
| 260 | |a Santiago, Chile: |b Galas Ediciones, |c 2022. | ||
| 300 | |a 180 páginas. | ||
| 583 | |k Catalogador Asistente |c 20220817 | ||
| 650 | |a Constitución |x Propuesta |z Chile |9 875789 | ||
| 650 | |a Reforma constitucional |9 332804 | ||
| 650 | |a Derecho constitucional |9 222588 | ||
| 942 | |2 ddc |c BK | ||
| 952 | |0 0 |1 0 |2 ddc |4 0 |6 342_830000000000000_PRO_2022 |7 0 |8 A |9 586254 |a BIBHIS |b BIBHIS |c GEN |d 2022-08-17 |e 164 |g 5000.33 |i 5654205 |o 342.83 PRO 2022 |p 5654205 |r 2025-01-20 |t 1 |v 5000.33 |w 2022-08-17 |y BK |k HIS | ||
| 952 | |0 0 |1 0 |2 ddc |4 0 |6 342_830000000000000_PRO_2022 |7 0 |8 A |9 586255 |a BIBHIS |b BIBHIS |c GEN |d 2022-08-17 |e 164 |g 5000.33 |i 5654206 |o 342.83 PRO 2022 |p 5654206 |r 2025-01-20 |t 2 |v 5000.33 |w 2022-08-17 |y BK |k HIS | ||